| 000 | 00713nam a2200193Ia 4500 | ||
|---|---|---|---|
| 008 | 0000001968 ck a 0000000000spa00 | ||
| 090 | _aPSP00 M65p | ||
| 100 | 1 |
_aMontes, Santiago _d1937 |
|
| 245 | 1 | 0 | _aPinturas de Santiago Montes |
| 300 |
_a[6] p. _c/ 20 cm. |
||
| 500 | _aExposición realizada en la Biblioteca Luis Angel Arango, Bogotá, Julio 922, 1968 \ Con el patronazgo de la empresa colombiana PLARESA | ||
| 600 | 0 | 0 |
_aMONTES, SANTIAGO, 1937/ _xTRABAJOS PICTORICOS |
| 650 | 1 | 4 | _aARTE CONTEMPORANEO ESPAÑOL |
| 650 | 1 | 4 | _xCATALOGOS |
| 650 | 1 | 4 | _xEXPOSICIONES |
| 650 | 1 | 4 | _aPINTORES ESPAÑOLES |
| 650 | 1 | 4 | _aPINTURA ESPAÑOLA |
| 999 |
_c7926 _d7926 |
||
| 260 |
_aBogotá : Biblioteca Luis Angel Arango _c1968 |
||